000 00798cam a2200241 a 4500
001 000004216
005 20200929151419.0
008 961230s1992 nyu 001 1 eng
020 _a0700605207
040 _aDO-SdBNP
_bspa
_cBNPHU
082 _a973.922
_bK35G
100 1 _aGiglio, James N.,
_d1939-
_912443
245 1 4 _aThe presidency of John F. Kennedy /
_cJames N. Giglio.
260 _aKansa :
_bUniversity Press of Kansas,
_c1992.
300 _a334 p. ;
_c23 cm.
440 0 _aAmerican Presidency Series
_912444
504 _aIncluye índice
504 _aIncluye notas e referencias bibliográficas
651 4 _aEstados Unidos
_xPolítica Y Gobierno
_y1961-1963
_912445
600 1 0 _aKENNEDY, JOHN F.,
_d1917-1963
_xPRESIDENTES
_912446
910 _aCatalogación derivada
910 _aWM
999 _c4030
_d4030